Vertebrate flight : mechanics, physiology, morphology, ecology and evolution /

Bibliographic Details
Main Author: Norberg, U. M. (Ulla M.)
Format: Book
Language:English
Published: Berlin ; New York : Springer-Verlag, [1990]
Series:Zoophysiology ; v. 27.
Subjects:

MARC

Tag First Indicator Second Indicator Subfields
LEADER 00000cam a2200000 a 4500
001 in00000928126
005 20150925124403.0
008 900216s1990 wb a b 00110 eng d
019 |a 21069236 
020 |a 0387513701 (U.S. : alk. paper) 
020 |a 3540513701 (Berlin) 
035 |a (OCoLC)21075551 
035 |9 AES1832AM 
040 |a IBT  |c IBT  |d PIT  |d IXA  |d AGL  |d OCL  |d TXA  |d UtOrBLW 
049 |a TXAM 
070 0 |a QP1.Z66  |b v.27 
072 0 |a P000 
090 |a QL1  |b .Z66 v.27  |a QP310.F5 
090 |a QP310.F5  |b N67 1990 
100 1 |a Norberg, U. M.  |q (Ulla M.) 
245 1 0 |a Vertebrate flight :  |b mechanics, physiology, morphology, ecology and evolution /  |c U.M. Norberg. 
264 1 |a Berlin ;  |a New York :  |b Springer-Verlag,  |c [1990] 
264 4 |c ©1990 
300 |a xiv, 291 pages :  |b illustrations ;  |c 24 cm. 
336 |a text  |b txt  |2 rdacontent 
337 |a unmediated  |b n  |2 rdamedia 
338 |a volume  |b nc  |2 rdacarrier 
490 1 |a Zoophysiology ;  |v v. 27 
504 |a Includes bibliographical references (pages 269-284) and index. 
650 0 |a Animal flight. 
650 0 |a Birds  |x Flight. 
650 0 |a Vertebrates. 
830 0 |a Zoophysiology ;  |v v. 27. 
999 |a MARS 
999 f f |s 62f93ca1-31fe-3dfe-a9d4-6fb8bdbd891e  |i a4e2c724-1398-3858-925b-e701f111d315  |t 0 
952 f f |p normal  |a Texas A&M University  |b College Station  |c Sterling C. Evans Library  |d Evans: Library Stacks  |t 0  |e QP310.F5 N67 1990  |h Library of Congress classification  |i unmediated -- volume  |m A14813957776 
998 f f |a QP310.F5 N67 1990  |t 0  |l Evans: Library Stacks